Memòria /
Descripción Física:
il·lustracions ; 30 cm
MARC
| LEADER | 00000nam a2200000Ia 4500 | ||
|---|---|---|---|
| 001 | 22030, 22031, 22032, 22033, 22034, 22035, 12045, 12308, 20500, 13095, 14718, 22036, 17693, 18223, 19941, 20779, 23079, 23339, 25717, 25964, 28513 | ||
| 003 | AGDB | ||
| 005 | 20260324181510.0 | ||
| 008 | 160829s1998 - xx 000 0 cat d | ||
| 017 | |a B 27865-97 | ||
| 017 | |a B 26566-98 | ||
| 017 | |a B 31252-99 | ||
| 017 | |a B 25661-2000 | ||
| 017 | |a B 30110-2001 | ||
| 017 | |a B 28194-2002 | ||
| 017 | |a B 42061-2004 | ||
| 017 | |a B 3800-2006 | ||
| 017 | |a B 36121-2006 | ||
| 017 | |a B 55526-2007 | ||
| 017 | |a B 43568-2008 | ||
| 017 | |a B 43553-2010 | ||
| 017 | |a B 37663-2011 | ||
| 017 | |a B 26978-2013 | ||
| 017 | |a B 27615-2015 | ||
| 080 | |a FU-53-5, C-3-238, C-3-239, C-3-240, C-3-241, C-3-242, C-1-106, C-1-107, C-3-93, C-2-201, C-2-281, C-3-243, C-2-440, C-2-353, C-3-72, C-3-112, C-3-341, C-3-378. Bib-594 | ||
| 080 | |a Bib-594 | ||
| 080 | |a Bib-679 | ||
| 110 | |a Parc Natural del Montseny (Catalunya) |9 10461 | ||
| 245 | |a Memòria / |c Parc Natural del Montseny | ||
| 260 | |a Barcelona : |b Diputació de Barcelona. Xarxa de Parcs Naturals ; |c 1998- | ||
| 300 | |b il·lustracions ; |c 30 cm | ||
| 590 | |a A partir de 2003: Parc Natural del Montseny, reserva de la biosfera | ||
| 610 | 0 | |a Parc Natural del Montseny (Catalunya) |9 10461 | |
| 610 | 1 | 0 | |a Barcelona (Catalunya : Província). |b Diputació |v Revistes |9 54166 |
| 650 | 0 | |2 Arxiu |9 49557 |a Parcs Naturals |z Barcelona (Catalunya : Província) | |
| 650 | 0 | |a Parcs naturals |v Revistes |z Barcelona (Catalunya : Província) | |
| 710 | 1 | |a Barcelona (Catalunya : Província). |b Gerència de Serveis d’Espais Naturals |9 52730 | |
| 710 | 1 | |a Girona (Catalunya : Província). |b Diputació |9 11479 | |
| 710 | 1 | |a Barcelona (Catalunya : Província). |b Xarxa de Parcs Naturals |9 7250 | |
| 856 | |y Accés lliure (a partir de 2002) (Portal de la Gerència d'Espais Naturals) | ||
| 866 | |a 1991-2001 | ||
| 866 | |a 2003-2007 | ||
| 866 | |a 2009-2010 | ||
| 866 | |a 2012 | ||
| 866 | |a 2014 | ||
| 866 | |a 2016 | ||
| 901 | |a Arxiu | ||
| 942 | |n 1 |2 udc |c ARXIU | ||
| 952 | |0 0 |1 0 |2 udc |4 0 |6 C1106 |7 1 |9 54113 |a Arxiu |b Arxiu |d 2016-12-01 |h 1997 |o C-1-106 |p 12045 |r 2016-12-01 00:00:00 |w 2016-12-01 |y ARXIU | ||
| 952 | |0 0 |1 0 |4 0 |6 BIB594 |7 1 |9 62107 |a Arxiu |b Arxiu |d 2022-05-31 |h 2014 |o Bib-594 |p 25717 |r 2022-05-31 00:00:00 |w 2022-05-31 |y ARXIU | ||
| 952 | |0 0 |1 0 |4 0 |7 1 |9 62429 |a Arxiu |b Arxiu |d 2022-06-16 |h 2016 |o Bib-679 |p 25964 |r 2022-06-16 00:00:00 |w 2022-06-16 |y ARXIU | ||
| 952 | |0 0 |1 0 |4 0 |6 PDL |7 1 |9 63782 |a Arxiu |b Arxiu |d 2022-09-05 |h 2003 |l 0 |o PDL |p 26703 |r 2022-09-05 00:00:00 |w 2022-09-05 |y ARXIU | ||
| 952 | |0 0 |1 0 |4 0 |7 1 |9 65513 |a Arxiu |b Arxiu |d 2023-03-07 |h 2003 |o C-3-243 |p 22036 |r 2023-03-07 00:00:00 |w 2023-03-07 |y ARXIU | ||
| 952 | |0 0 |1 0 |4 0 |6 C3242 |7 1 |9 65514 |a Arxiu |b Arxiu |d 2023-03-07 |h 1996 |l 0 |o C-3-242 |p 22035 |r 2023-03-07 00:00:00 |w 2023-03-07 |y ARXIU | ||
| 952 | |0 0 |1 0 |4 0 |6 C3241 |7 1 |9 65515 |a Arxiu |b Arxiu |d 2023-03-07 |h 1995 |l 0 |o C-3-241 |p 22034 |r 2023-03-07 00:00:00 |w 2023-03-07 |y ARXIU | ||
| 952 | |0 0 |1 0 |4 0 |6 C3240 |7 1 |9 65516 |a Arxiu |b Arxiu |d 2023-03-07 |h 1994 |l 0 |o C-3-240 |p 22033 |r 2023-03-07 00:00:00 |w 2023-03-07 |y ARXIU | ||
| 952 | |0 0 |1 0 |4 0 |6 C3239 |7 1 |9 65517 |a Arxiu |b Arxiu |d 2023-03-07 |h 1993 |l 0 |o C-3-239 |p 22032 |r 2023-03-07 00:00:00 |w 2023-03-07 |y ARXIU | ||
| 952 | |0 0 |1 0 |4 0 |7 1 |9 65518 |a Arxiu |b Arxiu |d 2023-03-07 |h 1992 |o C-3-238 |p 22031 |r 2023-03-07 00:00:00 |w 2023-03-07 |y ARXIU | ||
| 952 | |0 0 |1 0 |4 0 |6 C2281 |7 1 |9 65527 |a Arxiu |b Arxiu |d 2023-03-07 |h 2001 |l 0 |o C-2-281 |p 14718 |r 2023-03-07 00:00:00 |w 2023-03-07 |y ARXIU | ||
| 952 | |0 0 |1 0 |4 0 |6 C3378 |7 1 |9 65534 |a Arxiu |b Arxiu |d 2023-03-07 |h 2010 |l 0 |o C-3-378 |p 23339 |r 2023-03-07 00:00:00 |w 2023-03-07 |y ARXIU | ||
| 952 | |0 0 |1 0 |4 0 |6 C3112 |7 1 |9 65549 |a Arxiu |b Arxiu |d 2023-03-08 |h 2007 |l 0 |o C-3-112 |p 20779 |r 2023-03-08 00:00:00 |w 2023-03-08 |y ARXIU | ||
| 952 | |0 0 |1 0 |4 0 |6 C2201 |7 1 |9 65550 |a Arxiu |b Arxiu |d 2023-03-08 |h 2000 |l 0 |o C-2-201 |p 13095 |r 2023-03-08 00:00:00 |w 2023-03-08 |y ARXIU | ||
| 952 | |0 0 |1 0 |4 0 |6 C3341 |7 1 |9 65607 |a Arxiu |b Arxiu |d 2023-03-14 |h 2009 |l 0 |o C-3-341 |p 23079 |r 2023-03-14 00:00:00 |w 2023-03-14 |y ARXIU | ||
| 952 | |0 0 |1 0 |4 0 |6 FU535 |7 1 |9 65620 |a Arxiu |b Arxiu |d 2023-03-14 |h 1991 |l 0 |o FU-53-5 |p 22030 |r 2023-03-14 00:00:00 |w 2023-03-14 |y ARXIU | ||
| 952 | |0 0 |1 0 |4 0 |6 C1107 |7 1 |9 96998 |a Arxiu |b Arxiu |d 2024-04-29 |h 1998 |l 0 |o C-1-107 |p 12308 |r 2024-04-29 00:00:00 |w 2024-04-29 |y ARXIU | ||
| 952 | |0 0 |1 0 |4 0 |6 C393 |7 1 |9 96999 |a Arxiu |b Arxiu |d 2024-04-29 |h 1999 |l 0 |o C-3-93 |p 20500 |r 2024-04-29 00:00:00 |w 2024-04-29 |y ARXIU | ||
| 952 | |0 0 |1 0 |2 udc |4 0 |6 C2440 |7 1 |9 97000 |a Arxiu |b Arxiu |d 2024-04-29 |h 2004 |l 0 |o C-2-440 |p 17693 |r 2024-04-29 00:00:00 |w 2024-04-29 |y ARXIU | ||
| 952 | |0 0 |1 0 |2 udc |4 0 |6 C2353 |7 1 |9 97001 |a Arxiu |b Arxiu |d 2024-04-29 |h 2005 |l 0 |o C-2-353 |p 18223 |r 2024-04-29 00:00:00 |w 2024-04-29 |y ARXIU | ||
| 952 | |0 0 |1 0 |2 udc |4 0 |6 C372 |7 1 |9 97002 |a Arxiu |b Arxiu |d 2024-04-29 |h 2006 |l 0 |o C-3-72 |p 19941 |r 2024-04-29 00:00:00 |w 2024-04-29 |y ARXIU | ||
| 952 | |0 0 |1 0 |4 0 |6 BIB1178 |7 1 |9 97003 |a Arxiu |b Arxiu |d 2024-04-29 |h 2012 |l 0 |o Bib-1178 |p 28513 |r 2024-04-29 00:00:00 |w 2024-04-29 |y ARXIU | ||
| 999 | |c 57982 |d 57982 | ||